00762cam a2200205 a 450000500170000000800410001702000180005804000510007604100080012710000320013524501040016726000480027130000660031950400530038565000180043865000320045665000240048865000110051270000330052320140903175015.0140116s2013 ck ad frn 001 0dspa d a9789587620832 aCo-BoUCMbspacRoberto BurgosdDiana Londoño00aspa1 aGarcía Palomo, Juan Pedro10aNeuromarketing, el otro lado del marketingcJuan Pedro García Palomo, Esperanza Martínez Montes aBogotábEdiciones de la UbStarbookc2013 a289 páginasbilustraciones, cuadros, diagramas y gráficas aIncluye referencias bibliográficas e índices14aNeuromercadeo24aPsicología del consumidor24aServicio al cliente24aVentas1 aMartínez Montes, Esperanza